Statistics for Biggest Cities in Australia on a Map

Click here to take the quiz!

General Stats

  • This quiz has been taken 17,400 times
    (15,293 since last reset)
  • The average score is 12 of 23

Answers on the Map

Answers color-coded by a green-red scale on the quiz's map according to % correct below.
Loading ...
 

Answer Stats

PopulationCity% Correct
4,914,343Sydney
99%
4,893,870Melbourne
97%
2,045,479Perth
96%
462,136Canberra
89%
2,430,180Brisbane
87%
1,340,794Adelaide
85%
133,331Darwin
80%
216,682Hobart
70%
693,671Gold Coast
62%
153,951Cairns
53%
491,474Newcastle
45%
181,668Townsville
36%
306,034Wollongong
34%
275,794Geelong
33%
341,069Sunshine Coast
30%
88,178Launceston
29%
107,652Ballarat
25%
79,081Rockhampton
25%
100,991Bendigo
23%
138,223Toowoomba
22%
94,837Albury
22%
80,264Mackay
20%
74,591Bunbury
16%

Score Distribution

Percentile by Number Answered

Percent of People with Each Score

Your Score History

You have not taken this quiz since the last reset